| 000 | 00438 a2200133 4500 | ||
|---|---|---|---|
| 001 | 87989 | ||
| 082 | _aPR 708 | ||
| 090 |
_c41458 _d41458 |
||
| 100 | _aSalman Absar; ALi S T, advisor | ||
| 245 |
_aPrediction of minimum fuel to climb and maximum rate of climb trajactories of mirage III EP aircraft by energy height method _nG-9 |
||
| 260 |
_aKarachi _bKarachi Uni _c1977 |
||
| 300 | _a100 p. hand written | ||
| 500 | _aBE project report AE | ||
| 942 |
_aCAE NUST _kPR 708 |
||
| 999 |
_c323062 _d323062 |
||